|
|
|
|
| LEADER |
00000nam0a2200000 4500 |
| 001 |
169033 |
| 005 |
20231031163302.0 |
| 010 |
|
|
|a 5289008276
|
| 020 |
|
|
|a RU
|b 90-39326
|
| 035 |
|
|
|a (RuTPU)RU\TPU\book\183367
|
| 090 |
|
|
|a 169033
|
| 100 |
|
|
|a 20091105d1990 m y0rusy5003 ca
|
| 101 |
0 |
|
|a rus
|
| 102 |
|
|
|a RU
|
| 105 |
|
|
|a a z 000zy
|
| 200 |
1 |
|
|a Шаги в бессмертие
|e документальные рассказы
|f Ф. С. Езерский, В. И. Федоров
|
| 210 |
|
|
|a Ленинград
|c Лениздат
|d 1990
|
| 215 |
|
|
|a 219,[2] с.
|c ил.
|d 20 см
|
| 610 |
1 |
|
|a Великая Отечественная война 1941-1945
|
| 610 |
1 |
|
|a история
|
| 610 |
1 |
|
|a Ленинград
|
| 686 |
|
|
|a Т3(2)722
|2 rubbk
|
| 700 |
|
1 |
|a Езерский
|b Ф. С.
|g Федор Семенович
|4 070
|
| 701 |
|
1 |
|a Федоров
|b В. И.
|g Виктор Иванович
|4 070
|
| 801 |
|
0 |
|a RU
|b RuMRKP
|c 19950417
|g psbo
|
| 801 |
|
1 |
|a RU
|b 63413507
|c 20091105
|
| 801 |
|
2 |
|a RU
|b 63413507
|c 20140303
|g RCR
|
| 942 |
|
|
|c BK
|